00279nam a2200133Ia 45000030006000000080041000060400015000471000019000622450016000812500010000972600009001075460012001160050017001280STCL150530s9999 xx 000 0 und d aSTCLcSTCL aHilaire Belloc aRobespierre aFirst c1927 aEnglish20220125171410.0